KOHA-Header-6

Vistas (Record no. 7480)

000 -LEADER
fixed length control field 00238nam a2200109Ia 4500
100 ## - MAIN ENTRY--AUTHOR NAME
Personal name Nasreen M. Ahsan
245 #0 - TITLE STATEMENT
Title Vistas
260 ## - PUBLICATION, DISTRIBUTION, ETC. (IMPRINT)
Place of publication USA
Name of publisher Addision
Year of publication 2001
300 ## - PHYSICAL DESCRIPTION
Number of Pages 138
942 ## - ADDED ENTRY ELEMENTS (KOHA)
Koha item type Books
Holdings
Withdrawn status Lost status Collection code Permanent Location Current Location Shelving location Date acquired Full call number Accession Number Koha item type
    English Literature MAJU MAJU Shelf No.A14 2019-09-12 515.15 1356 English Literature

Powered by Koha